Recent trends in foreign investment (Record no. 89390)

MARC details
000 -LEADER
fixed length control field 00574nam a2200217Ia 4500
008 - FIXED-LENGTH DATA ELEMENTS--GENERAL INFORMATION
fixed length control field 230125s9999 xx 000 0 und d
020 ## - INTERNATIONAL STANDARD BOOK NUMBER
International Standard Book Number 81-7132-111-9
041 ## - LANGUAGE CODE
Language code of text/sound track or separate title eng
082 ## - DEWEY DECIMAL CLASSIFICATION NUMBER
Classification number 658.1599
Item number RAM/JAI
100 ## - MAIN ENTRY--PERSONAL NAME
Personal name Ramakant, Ed.
9 (RLIN) 112440
245 ## - TITLE STATEMENT
Title Recent trends in foreign investment
250 ## - EDITION STATEMENT
Edition statement 1st Ed.
260 ## - PUBLICATION, DISTRIBUTION, ETC. (IMPRINT)
Date of publication, distribution, etc. 1996
Name of publisher, distributor, etc. Pointer publisher
Place of publication, distribution, etc. Jaipur
300 ## - PHYSICAL DESCRIPTION
Extent 200p
500 ## - GENERAL NOTE
Keywords Forex management
500 ## - GENERAL NOTE
Keywords Investments
650 ## - SUBJECT ADDED ENTRY--TOPICAL TERM
Topical term or geographic name as entry element Financial Management
700 ## - ADDED ENTRY--PERSONAL NAME
Personal name Ramakant, Ed. & Jain S C, Ed.
9 (RLIN) 112441
906 ## - LOCAL DATA ELEMENT F, LDF (RLIN)
b 60
Holdings
Withdrawn status Lost status Damaged status Not for loan Home library Current library Date acquired Vendor Cost, normal purchase price Total Checkouts Full call number Barcode Date last seen Cost, replacement price Bill Date Koha item type Original Barcode
        Smt. Hiraben Nanavati Institute of Management & Research for Women Smt. Hiraben Nanavati Institute of Management & Research for Women 10/10/1997 System sales 400.00   658.1599 RAM/JAI B00507 HIMR-BK-507 25/01/2023 340.00 10/10/1997 Books B00507